Ensayo sobre el principio de la población
Guardat en:
| Autor principal: | |
|---|---|
| Format: | Llibre |
| Idioma: | espanyol |
| Publicat: |
Madrid
Akal
1990
|
| Matèries: | |
| Etiquetes: |
Afegir etiqueta
Sense etiquetes, Sigues el primer a etiquetar aquest registre!
|
MARC
| LEADER | 00000nam a2200000 a 4500 | ||
|---|---|---|---|
| 001 | UCT5919 | ||
| 003 | CL-VaPUC | ||
| 008 | 961223e19900000SP |||||||||||||||||spa|d | ||
| 082 | 0 | 4 | |a 304.6 |b MAL |2 21 |
| 100 | |a Malthus, Thomas Robert |e autor |9 515850 | ||
| 245 | 1 | 0 | |a Ensayo sobre el principio de la población |
| 300 | |a 534 p | ||
| 942 | |c BK | ||
| 945 | |d 19961223 00:00:00 |a rleighto | ||
| 260 | |a Madrid |b Akal |c 1990 | ||
| 650 | 0 | |a Demografía |9 260008 | |
| 650 | 7 | |a CRECIMIENTO DEMOGRAFICO |2 CL-VaPUC |9 338225 | |
| 650 | 0 | |a Crecimiento económico |9 314037 | |
| 650 | 0 | |a Población |9 257577 | |
| 583 | |a last modification |c 19961223 00:00:00 |k Rodrigo Vera | ||
| 999 | |c 254694 |d 254692 | ||
| 952 | |0 0 |1 0 |4 0 |6 304_600000000000000_MAL_1990 |7 0 |8 A |9 276540 |a BIBEDU |b BIBEDU |d 2019-11-19 |i 3262987 |o 304.6 MAL 1990 |p 3262987 |r 2019-11-19 |w 2019-11-19 |y BK |k FIL | ||